000 01390cam a22003617a 4500
003 CHAP
005 20220329142014.0
008 990127d1996 mx b r 00010 spa d
010 _a76930
011 _a77902
035 _a87673
040 _cCHAP
090 _aFolleto 15229 v.11
100 0 0 _aDelgadillo M., Claudio.
_931570
245 1 2 _aA preliminary checklist of the mosses of Guanajuato, México
_c/by Claudio Delgadillo M. and Angeles Cárdenas S.
260 _aPátzcuaro, Mich. :
_bInstituto de Ecología A. C., Centro Regional del Bajio,
_c1996.
300 _a14 p. :
_bmapa
490 0 _aFlora del Bajío y de Regiones Adyacentes. Fascículo complementario
_v; 11
590 _aBATCH-UPD
_b10
_c20130110
_lUCH01
_h0135
590 _aBATCH-UPD
_b10
_c20130110
_lUCH01
_h0821
590 _aBATCH-UPD
_b10
_c20130409
_lUCH01
_h2131
590 _aBATCH-UPD
_b10
_c20130914
_lUCH01
_h0736
590 _aCONVERSION
_b10
_c20130109
_lUCH01
_h1342
650 1 4 _aBotánica
_xGuanajuato.
_914546
650 1 4 _aMusgos
_zGuanajuato.
_979885
700 0 _aCárdenas S., Angeles.
_924091
830 0 _aFlora del Bajío y de Regiones Adyacentes. Fascículo complementario
_v; 11
_941325
901 _aBK
905 _aMayto Villalobos S.
942 _cFOLL
949 _aFolleto 15229 v.11
_bBC
_cFOLL
_d876731
_eTS1
_i87673
_sb
949 _aFolleto 15229 v.11
_bBC
_cFOLL
_d876732
_eTS2
_fc.2
_i87673
_sb
999 _c76930
_d76930